Vista normal Vista MARC

Entrada Genre/Form Term

Número de registros utilizados en: 2

001 - CONTROL NUMBER

  • control field: 68782

003 - CONTROL NUMBER IDENTIFIER

  • control field: OSt

005 - DATE AND TIME OF LATEST TRANSACTION

  • control field: 20260214181107.0

008 - FIXED-LENGTH DATA ELEMENTS

  • fixed length control field: 260214|| aca||aabn | a|a d

040 ## - CATALOGING SOURCE

  • Original cataloging agency: OSt
  • Transcribing agency: OSt

155 ## - HEADING--GENRE/FORM TERM

  • Genre/form term: Poesías infantiles

670 ## - SOURCE DATA FOUND

  • Source citation: Work cat.: (OSt)60479: Lanseros, Raquel 1973- autor 68781, Himbu, el pequeño pintor









Instituto Departamental de Cultura del Meta - Red Departamental de Bibliotecas Públicas del Meta.